Ready, set, dogs! : (Record no. 6487)

MARC details
000 -LEADER
fixed length control field 01078nam a22003017a 4500
001 - CONTROL NUMBER
control field 6487
003 - CONTROL NUMBER IDENTIFIER
control field FISKH
005 - DATE AND TIME OF LATEST TRANSACTION
control field 20250506112835.0
008 - FIXED-LENGTH DATA ELEMENTS--GENERAL INFORMATION
fixed length control field 250506b cb ||||| |||| 00| 0 eng d
020 ## - INTERNATIONAL STANDARD BOOK NUMBER
International Standard Book Number 9780545700146
040 ## - CATALOGING SOURCE
Original cataloging agency FISKH
Language of cataloging eng
Transcribing agency FISKH
Modifying agency FISKH
050 ## - LIBRARY OF CONGRESS CALL NUMBER
Classification number PZ7.C136 N
082 ## - DEWEY DECIMAL CLASSIFICATION NUMBER
Classification number 329
100 ## - MAIN ENTRY--PERSONAL NAME
Personal name Calmenson, Stephanie
Dates associated with a name (1952-)
245 ## - TITLE STATEMENT
Title Ready, set, dogs! :
Remainder of title No dogs allowed /
Statement of responsibility, etc. Stephanie Calmenson & Joanna Cole ; Illustrated by Heather Ross
250 ## - EDITION STATEMENT
Edition statement This edition first published in 2014
260 ## - PUBLICATION, DISTRIBUTION, ETC.
Place of publication, distribution, etc. New York :
Name of publisher, distributor, etc. Scholastic,
Date of publication, distribution, etc. 2013
300 ## - PHYSICAL DESCRIPTION
Extent 116 pages :
Other physical details illustrations ;
Dimensions 20 cm
505 ## - FORMATTED CONTENTS NOTE
Formatted contents note N<br/>
520 ## - SUMMARY, ETC.
Summary, etc. Best friends and dog lovers Kate and Lucie live in apartments where dogs are not allowed, but a pair of unusual necklaces they find in a thrift store allow them to become dogs whenever they wish.<br/>
521 8# - TARGET AUDIENCE NOTE
Target audience note 570<br/>
Source Lexile<br/>
521 8# - TARGET AUDIENCE NOTE
Target audience note N<br/>
Source Raz-Plus<br/>
650 ## - SUBJECT ADDED ENTRY--TOPICAL TERM
Source of heading or term Friendship
Topical term or geographic name entry element Dogs
650 ## - SUBJECT ADDED ENTRY--TOPICAL TERM
Source of heading or term Contests--Fiction
Topical term or geographic name entry element Magic--Fiction
700 ## - ADDED ENTRY--PERSONAL NAME
Personal name Ross, Heather
Dates associated with a name illustrator
942 ## - ADDED ENTRY ELEMENTS (KOHA)
Source of classification or shelving scheme Dewey Decimal Classification
Koha item type Books
Suppress in OPAC No
Holdings
Withdrawn status Lost status Source of classification or shelving scheme Damaged status Not for loan Collection Home library Current library Shelving location Date acquired Total Checkouts Full call number Barcode Date last seen Copy number Price effective from Koha item type
    Dewey Decimal Classification     Juvenile Fiction Footprints International School Library Network Toul Tom Poung Campus Footprints International School Library Network Toul Tom Poung Campus TTP Primary Yellow Bookshelves 05/06/2025   CAL 329 PZ7.C136 N 2025-1159 05/06/2025 1 05/06/2025 Books